Scottish Government hosts Waste Summit (Record no. 79414)
[ view plain ]
| 000 -LEADER | |
|---|---|
| fixed length control field | 01143cad a22001935a 4500 |
| 001 - CONTROL NUMBER | |
| control field | E141031 |
| 008 - FIXED-LENGTH DATA ELEMENTS--GENERAL INFORMATION | |
| fixed length control field | 071025e20071003stk f s000 0 eng d |
| 035 ## - SYSTEM CONTROL NUMBER | |
| System control number | (Sirsi) u141031 |
| 041 0# - LANGUAGE CODE | |
| Language code of text/sound track or separate title | eng |
| 110 1# - MAIN ENTRY--CORPORATE NAME | |
| Corporate name or jurisdiction name as entry element | Scotland |
| Subordinate unit | Scottish Government |
| 9 (RLIN) | 5344 |
| 245 00 - TITLE STATEMENT | |
| Title | Scottish Government hosts Waste Summit |
| 260 ## - PUBLICATION, DISTRIBUTION, ETC. | |
| Date of publication, distribution, etc. | 2007 |
| 490 #0 - SERIES STATEMENT | |
| Series statement | Scottish Government News Release |
| Volume/sequential designation | 3 October 2007 |
| 520 ## - SUMMARY, ETC. | |
| Summary, etc. | Ministers have called together Scotland's local authorities, waste industry and environmental groups for talks on how to make further progress on dealing with the country's waste on the same day that new statistics showed further improvements in recycling rates. Statistics show that in 2006-07, over 100,000 tonnes less municipal waste was sent to landfill, when compared with 2005-06. It also states that SEPA's latest figures show that recycling rates have improved with 28.4 per cent of waste in Scotland in 2006/07 was recycled or composted. |
| 651 #4 - SUBJECT ADDED ENTRY--GEOGRAPHIC NAME | |
| Geographic name | Scotland |
| Chronological subdivision | 1999- |
| 690 ## - LOCAL SUBJECT ADDED ENTRY--TOPICAL TERM (OCLC, RLIN) | |
| Topical term or geographic name as entry element | RECYCLING |
| 856 41 - ELECTRONIC LOCATION AND ACCESS | |
| Uniform Resource Identifier | <a href="https://www.scotland.gov.uk/News/Releases/2007/10/03132917">https://www.scotland.gov.uk/News/Releases/2007/10/03132917</a> |
| Public note | View the item free of charge at www.scotland.gov.uk... |
| 942 ## - ADDED ENTRY ELEMENTS (KOHA) | |
| Suppress in OPAC | 0 |
| Withdrawn status | Lost status | Source of classification or shelving scheme | Damaged status | Not for loan | Home library | Current library | Shelving location | Date acquired | Total Checkouts | Full call number | Barcode | Date last seen | Copy number | Price effective from | Koha item type |
|---|---|---|---|---|---|---|---|---|---|---|---|---|---|---|---|
| Dewey Decimal Classification | Virtual | Virtual | Online | 25/10/2007 | ONLINE PUBLICATION | 141031-2001 | 06/08/2019 | 1 | 06/08/2019 | Journal article |